000 00940nam0a22002891 4500
001 rc\4953246
005 20250612213314.0
021 _aRU
_b[57-41913]
035 _a(NLR Aleph) 008858845
090 _a8448062
_c8448062
100 _a20130426d1957 |||y0rusy50 ca
101 1 _arus
_ceng
102 _aRU
105 _aa z |||a|
200 1 _aОгни на старте
_eПьеса в 3 актах
_f[Пер. с англ. С. Болотина и Т. Сикорской]
210 _aМосква
_cИскусство
_d1957
215 _a124 с., 2 л. ил.
_cил.
_d17
300 _aНа обороте тит. л.: Terence Rattigan. Flare path
517 0 _aFlare path
700 1 _aРаттиган
_bТ.
_f1911-
_gТеренс
702 1 _aБолотин
_bС.
_4730
702 1 _aСикорская
_bТ.
_4730
801 0 _aRU
_bNLR
_gpsbo
801 1 _aRU
_bELAR
_2rusmarc
852 _aNLR
_j57-2/1625
942 _cBOOK
980 _aNB